Biblioteca

El rey y tú : (Registro nro. 71156)

Detalles MARC
000 -LÍDER
Campo fijo de descripción fija 02117nam a2200361 i 4500
001 - NÚMERO DE CONTROL
Campo de control 768714001
003 - IDENTIFICADOR DEL NÚMERO DE CONTROL
Campo de control CO-MdFUSB
005 - FECHA Y HORA DE LA ULTIMA TRANSACCIÓN
control field 20260406104942.0
007 - CAMPO FIJO DE DESCRIPCIÓN FIJA--INFORMACIÓN GENERAL
Campo fijo de descripción fija ta
008 - ELEMENTOS DE LONGITUD FIJA -- INFORMACIÓN GENERAL
Campo fijo de descripción fija -- Información general 241104t1995 -usa|||| |||| 001 0 spa d
020 ## - NÚMERO INTERNACIONAL NORMALIZADO PARA LIBROS
Número Internacional Normalizado del libro 958-9354-10-6
040 ## - FUENTE DE CATALOGACIÓN
Idioma de catalogación spa.
Agencia de catalogación original CO-MdFUSB
Agencia que realiza la transcripción CO-MdFUSB
Agencia que realiza la modificación CO-MdFUSBC
Convenciones de la descripción rda
041 ## - CÓDIGO DE IDIOMA
Código de idioma para texto/pista de sonido o título separado spa
Código de idioma original eng
082 ## - NÚMERO DE CLASIFICACIÓN DECIMAL DEWEY
Número de la edición del Dewey 23
Número de clasificación 248.4
Clave de autor-Numero de item M962
100 ## - ASIENTO PRINCIPAL--NOMBRE PERSONAL
Nombre personal Mumford, Bob.
Término relacionador autor
240 ## - TITULO UNIFORME
Título uniforme <a href="The king & you. ">The king & you. </a>
245 13 - TÍTULO
Título del Material El rey y tú :
Parte restante del título - Subtitulo principios en el Sermón del Monte de cómo vivir en el reino
Mención de responsabilidad, etc. / Bob Mumford
264 #1 - PRODUCCIÓN, PUBLICACIÓN, DISTRIBUCIÓN, MANUFACTURA, Y COPYRIGHT
Lugar de producción, publicación, distribución, manufactura Santafé de Bogotá, Colombia :
Nombre del productor, publicador, distribuidor Libros Desafío,
Fecha de producción, publicación, distribución, manufactura, o copyright [1995]
264 #4 - PRODUCCIÓN, PUBLICACIÓN, DISTRIBUCIÓN, MANUFACTURA, Y COPYRIGHT
Fecha de producción, publicación, distribución, manufactura, o copyright ©1995
300 ## - DESCRIPCIÓN FÍSICA
Extensión 300 páginas
Otros detalles físicos : ilustraciones
Dimensiones ; 21 cm
336 ## - TIPO DE CONTENIDO
Fuente rdacontent
Término de tipo de contenido texto
Código de tipo de contenido txt
337 ## - TIPO DE MEDIO
Fuente rdamedia
Nombre del tipo de medio sin mediación
Código del tipo de medio n
338 ## - TIPO DE SOPORTE
Fuente rdacarrier
Nombre del tipo de soporte volumen
Código Tipo de soporte nc
500 ## - NOTA GENERAL
Nota General Incluye índice, ilustraciones
505 ## - NOTA DE CONTENIDO
Título El Rey y Su Reino.
Nota de contenido con formato preestablecido ¡Presentando al Rey! -- Presentando el Reino. -- La Constitución del Reino. -- Conceptos del Reino. -- Libertad o cautiverio. -- Deseo y capacidad. -- Tres impedimentos. -- Alineamiento. -- El por qué de las reglas. -- ¿Cómo correr la carrera? -- Necesidad y posición. -- Discipulado y ministerio. -- Santidad - imputada/impartida. -- Presentando al Maestro. -- Jesús enseña acerca del carácter. -- Jesús enseña acerca de la conducta. -- Jesús enseña acerca de la influencia. -- Resumen. --
Título Leyes del Reino.
Nota de contenido con formato preestablecido La ley del enojo. -- La ley de la pureza. -- La ley de la fidelidad. -- La ley de la flexibilidad. -- La ley de la imparcialidad. -- La ley de los motivos puros. -- La ley de la liberalidad. -- La ley del interés limitado. -- La ley de la tolerancia. -- La ley de la verdad espiritual. -- La ley de la sabiduría del Padre. -- La ley de la nueva manera de relacionarse. -- La ley de raíces y frutos. -- La ley de la obediencia. -- La ley del código de construcción.
563 ## - NOTA DE ENCUADERNACIÓN
Nota de encuadernación Rústico
650 #0 - ASIENTO SECUNDARIO DE MATERIA - TERMINO TEMÁTICO
Término temático o nombre geográfico como elemento de entrada Vida cristiana
9 (RLIN) 19
650 #7 - ASIENTO SECUNDARIO DE MATERIA - TERMINO TEMÁTICO
Término temático o nombre geográfico como elemento de entrada Reino de Dios
9 (RLIN) 219
653 ## - TÉRMINO DE INDIZACIÓN - NO CONTROLADO
Término no controlado Sermón del Monte
653 ## - TÉRMINO DE INDIZACIÓN - NO CONTROLADO
Término no controlado Discipulado cristiano
942 ## - TIPO DE MATERIAL (KOHA)
Tipo de Item KOHA Libros General
945 ## - INFORMACIÓN LOCAL DEL REGISTRO
Catalogador Catherine Arias Alvarez
Existencias
Estado de Material Estado de Perdido Forma de Clasificación Volumen-Parte/Tomo Estado de Dañado No para Préstamo Colección Tomo Biblioteca de Origen Biblioteca Permanente Fecha de Adquisición Total de Préstamos Signatura Topográfica Código de Barras Última vez visto Ejemplar/Existencia Fecha de Remplazo Tipo de Material
    Dewey Decimal Classification       Colección General   Biblioteca FUSBC Biblioteca FUSBC 31/10/2024   G 248.4 M962r 25241 04/11/2024 Ej. 1 04/11/2024 Libros General

Biblioteca FUSBC | Teléfono: (57+4) 349 88 10 Ext. 141| WhatsApp (+57) 3005338115 
E-mail: biblioteca@unisbc.edu.co | Calle 76 87-14 Robledo Palenque, Medellín, Colombia

Con tecnología Koha